00277nam a2200085Ia 4500008004100000100002100041245008800062260002100150650002000171190216s9999||||xx |||||||||||||| ||und|| aPadmanabhan Nair 0aMalayalam-Yathravivaranam-Periplus Erithriyan Kadaltheerathiloode Oru Kappal Yathra bVidyarthimithram aYathravivaranam